00357nam a2200157Ia 4500008004000000041000800040082001200048100001800060245003200078260004100110650001000151650000700161650001200168650001100180650000800191210210b1949 xxu||||| |||| 00| 0 eng d aeng a425/311 aVALLINS (G H) aMaking and meaning of words aLondonbAdam and Charles Blackc1949 awords aof ameaning aMaking aand